| 000 | 01282cam a2200217 4500500 | ||
|---|---|---|---|
| 005 | 20260201082531.0 | ||
| 041 | _afre | ||
| 042 | _adc | ||
| 100 | 1 | 0 |
_atravail au sein du secteur de psychiatrie d’Asnières- _eauthor |
| 700 | 1 | 0 |
_aBellahsen, Mathieu _eauthor |
| 245 | 0 | 0 | _aLa première vague de l’âme : émergences et difficultés en psychiatrie confinée |
| 260 | _c2021. | ||
| 500 | _a66 | ||
| 520 | _aUne équipe secteur nous raconte son vécu pendant la pandémie et les ressources mises en avant collectivement afin que le groupe formé par les soignants et les soignés puisse continuer à exister, en analysant et réinventant au quotidien. C’est grâce à tout ce qui avait été mis en place auparavant, que les dimensions thérapeutiques ont pu utiliser, en les adaptant aux situations nouvelles, les techniques modernes de communication et les nombreux partenariats préexistants. | ||
| 690 | _aOrganisation des soins psychiatriques | ||
| 690 | _apandémie | ||
| 690 | _apratique du soin | ||
| 690 | _apsychothérapie institutionnelle | ||
| 786 | 0 | _nPratiques en santé mentale | 67e aée | 1 | 2021-03-12 | p. 43-51 | 1286-1286 | |
| 856 | 4 | 1 | _uhttps://shs.cairn.info/revue-pratique-en-sante-mentale-2021-1-page-43?lang=fr&redirect-ssocas=7080 |
| 999 |
_c1640294 _d1640294 |
||